000
00300nam a22001217a 4500
008
160520b xxu||||| |||| 00| 0 eng d
020
_a
9781933107677
020
_a
1933101677
041
_a
eng
080
_a
618.2
245
_a
Fundamentals for nursing :
_c
Danielle Platt; Mary Moss;
942
_2
udc
_c
BK
999
_c
2277
_d
2277